000 00558nam a2200205Ia 4500
005 20250923145354.0
008 008 250917s9999 xx 000 0 eng d
037 _aTextual
040 _aDSWL
_beng
_cDSWL
041 _aeng
_2eng
084 _aV2:2, N66
_qDSWL
245 0 _aConstitution of India
_cby University Book House
260 _aDelhi
_bUniversity Book House
_c1966
300 _aiv,150 p.
365 _aINR
_b3 . 50
490 _vVol. 6
925 _g3 . 50
942 _cTEXL
_hV2:2, N66
999 _c1450572
_d1450572